7 thói quen hiệu quả : The 7 habits of highly effective people

Giới thiệu những thói quen tạo nên sự khác biệt bằng việc sắp xếp chính mình phù hợp với mục tiêu như: làm chủ chính mình, ưu tiên điều quan trọng, tư duy cùng thắng, rèn mới bản thân...để dẫn lối thành công...

Cijeli opis

Spremljeno u:
Bibliografski detalji
Glavni autor: Covey, Stephen R.
Format: Knjiga
Jezik:Undetermined
Izdano: Thành phố Hồ Chí Minh Tổng hợp Thành phố Hồ Chí Minh 2019
Teme:
Oznake: Dodaj oznaku
Bez oznaka, Budi prvi tko označuje ovaj zapis!
Thư viện lưu trữ: Trung tâm Học liệu Trường Đại học Cần Thơ
LEADER 01052nam a2200229Ia 4500
001 CTU_232343
008 210402s9999 xx 000 0 und d
020 |c 165000 
082 |a 158 
082 |b C873 
100 |a Covey, Stephen R. 
245 0 |a 7 thói quen hiệu quả : 
245 4 |b The 7 habits of highly effective people 
245 0 |c Stephen R. Covey ; Hoàng Trung ... (dịch) 
260 |a Thành phố Hồ Chí Minh 
260 |b Tổng hợp Thành phố Hồ Chí Minh 
260 |c 2019 
520 |a Giới thiệu những thói quen tạo nên sự khác biệt bằng việc sắp xếp chính mình phù hợp với mục tiêu như: làm chủ chính mình, ưu tiên điều quan trọng, tư duy cùng thắng, rèn mới bản thân...để dẫn lối thành công 
650 |a Thành công,Success 
650 |x Khía cạnh tâm lý,Psychological aspects 
910 |b nthai 
980 |a Trung tâm Học liệu Trường Đại học Cần Thơ